Moderní vzdušný boj : stealth technologie /

Hlavní autor: Richardson, Doug
Jazyk: Čeština
Vydáno: Praha : Naše vojsko, 2005
Vydání: Vyd. 1. v Našem vojsku
Témata:
Externí odkaz: Digitalizovaný dokument
Fyzický popis: 183 s. : barev. il. ; 31 cm
Knihy
Uloženo v:
LEADER 01733nam a2200445 a 4500
001 000774040
003 CZ BrMZK
005 20060331144020.0
007 ta
008 050511s2005 xr a grf 001 0 cze d
015 |a cnb001531720 
020 |a 80-206-0747-1 
035 |a (OCoLC)85152669 
040 |a BOA001  |b cze 
041 1 |a cze  |h eng 
072 7 |a 623  |x Vojenská technika  |2 Konspekt  |9 19 
080 |a 623.74  |2 MRF 
080 |a 623.746.2  |2 MRF 
080 |a 355.42  |2 MRF 
080 |a (0.062)  |2 MRF 
080 |a (084.11)  |2 MRF 
100 1 |a Richardson, Doug  |7 xx0029977  |4 aut 
245 1 0 |a Moderní vzdušný boj :  |b stealth technologie /  |c Doug Richardson ; [z anglického originálu ... přeložil Vladimír Čort] 
250 |a Vyd. 1. v Našem vojsku 
260 |a Praha :  |b Naše vojsko,  |c 2005 
300 |a 183 s. :  |b barev. il. ;  |c 31 cm 
500 |a Obálkový podnázev: Ilustrovaný popis letounů, technologií a taktik, umožňujících vojenským letadlům operovat proti technicky vyspělým protivzdušným obranám 
500 |a Obsahuje rejstřík 
650 0 7 |a vojenská letadla  |7 ph116621  |2 czenas 
650 0 7 |a průzkumná letadla  |7 ph249447  |2 czenas 
650 0 7 |a vojenská taktika  |7 ph162447  |2 czenas 
653 0 |a letadla stealth 
655 7 |a populárně-naučné publikace  |7 fd131864  |2 czenas 
655 7 |a obrazové publikace  |7 fd132947  |2 czenas 
765 0 |t Stealth warplanes  |9 Česky 
856 4 1 |u http://www.digitalniknihovna.cz/mzk/uuid/uuid:4da68870-1874-11e4-8f64-005056827e52  |y Digitalizovaný dokument  |x NDK 
910 |a BOA001  |b 4-1151.958 
990 |a BK 
991 |b 200506  |c NOV 
996 6 |b 2610249757  |c 4-1151.958  |l MZK  |r Sklad / do 1 hodiny  |n 2  |p p.v.  |w 000774040  |u 000010  |a 1  |e BOA001  |j MZK50  |s P